| 000 | 01274nam a2200349Ia 4500 | ||
|---|---|---|---|
| 001 | ebr10161446 | ||
| 003 | CaPaEBR | ||
| 006 | m u | ||
| 007 | cr cn||||||||| | ||
| 008 | 061120s2007 dcu sb i001 0 eng d | ||
| 010 | _z 2006038456 | ||
| 020 | _z9780821369098 | ||
| 020 | _z0821369091 | ||
| 020 | _z0821369105 (electronic) | ||
| 040 |
_aCaPaEBR _cCaPaEBR |
||
| 035 | _a(OCoLC)567977424 | ||
| 050 | 1 | 4 |
_aHG187.5.A2 _bH66 2007eb |
| 082 | 0 | 4 |
_a332.096 _222 |
| 100 | 1 | _aHonohan, Patrick. | |
| 245 | 1 | 0 |
_aMaking finance work for Africa _h[electronic resource]. |
| 260 |
_aWashington, D.C. : _bWorld Bank, _c2007. |
||
| 300 | _axviii, 240 p. | ||
| 500 | _aPrincipal authors, Patrick Honohan and Thorsten Beck. | ||
| 504 | _aIncludes bibliographical references and index. | ||
| 533 |
_aElectronic reproduction. _bPalo Alto, Calif. : _cebrary, _d2009. _nAvailable via World Wide Web. _nAccess may be limited to ebrary affiliated libraries. |
||
| 650 | 0 |
_aFinance _zAfrica. |
|
| 650 | 0 |
_aBanks and banking _zAfrica. |
|
| 655 | 7 |
_aElectronic books. _2local |
|
| 700 | 1 | _aBeck, Thorsten. | |
| 710 | 2 | _aebrary, Inc. | |
| 856 | 4 | 0 |
_uhttp://site.ebrary.com/lib/rucke/Doc?id=10161446 _zAn electronic book accessible through the World Wide Web; click to view |
| 999 |
_c132633 _d132633 |
||